000 01719cam a2200361 4500500
005 20260426020055.0
041 _afre
042 _adc
100 1 0 _aChatillon, Norbert
_eauthor
245 0 0 _aL'« être victime »
260 _c2005.
500 _a58
520 _aA partir d’une lettre de Jung et de la conception freudienne du traumatisme, l’auteur met en résonance les approches de Freud et de Jung, sur la question de l’« être victime », qu’il différencie du « vécu de victime ». Il propose des axes de vigilance pour l’écoute et la conduite de l’accompagnement dans les situations traumatisantes, notamment face aux problématiques de harcèlement.
520 _aThe « Being victim» Using a letter from Jung and the Freudian concept of trauma, the author analyzes Freud’s and Jung’s approaches to the problem of « being victim », which he distinguishes from the « passed victim ». He offers some cautionary axes when listening and accompanying traumatizing situations, mainly in harassment problems.
690 _aExcitation
690 _aHarcèlement moral
690 _aHarcèlement sexuel
690 _aRépétition
690 _aSens
690 _aSujet
690 _aTraumatisme
690 _aVécu
690 _aExcitation
690 _aLived (passed) experience
690 _aMeaning
690 _aMoral harassment
690 _aRepetition
690 _aSexual harassment
690 _aSubject
690 _aTrauma
786 0 _nImaginaire & Inconscient | 15 | 1 | 2005-03-01 | p. 117-134 | 1628-9676
856 4 1 _uhttps://shs.cairn.info/revue-imaginaire-et-inconscient-2005-1-page-117?lang=fr&redirect-ssocas=7080
999 _c2225396
_d2225396